000 00716cam a2200205 4500
001 WB3543-11
008 000000n1999 000 0 eng u
035 _a(Sirsi) u101338
245 _aDesigner bargain boom
260 _c1999
490 _aGuardian
_v30 October 1999, 11(1)
520 _aReviews factory outlet shopping, which has boomed with the trend for shopping as a leisure activity. Lists the eight largest centres, with map.
590 _aWB
650 _aFACTORY OUTLETS
650 _aPROPERTY-COMMERCIAL PROPERTY-RETAIL PROPERTY-RETAIL PROPERTY MARKET
650 _aFACTORY OUTLET CENTRES
650 _aSHOPPING CENTRES
690 _aPROPERTY-COMMERCIAL PROPERTY-RETAIL PROPERTY
942 _n0
999 _c60485
_d60485